00567nam a2200229Ia 450000500170000000800460001702000180006303700100008104000080009104000080009904000080010704100080011504100080012308400080013110000200013924500650015926000220022426000220024626000090026865000120027785600480028920260121125028.0008 260114s9999 xx 000 0 eng d a9781501766039 aEBOOK aCRL beng cCRL 2eng aeng qCRL aColbourn, Susan 0aEuromissiles: The Nuclear Weapons That Nearly Destroyed NATo bWalter de Gruyter bWalter de Gruyter c2022 aHistory uhttp://www.degruyter.com/isbn/9781501766039